[Event "AUTO-MASTER-506"]
[Site "http://www.queenalice.com/game.php?id=389523"]
[Date "2008.4.18"]
[Round "1"]
[White "XadrezPirai"]
[Black "Edson"]
[Result "1-0"]
[WhiteElo "2239"]
[BlackElo "1866"]

1. e4 e5 2. d4 exd4 3. c3 dxc3 4. Bc4 cxb2 5. Bxb2 c5 6. Nf3 Qe7 7. O-O Nf6 8.
Ng5 d5 9. exd5 Ng4 10. Re1 Ne5 11. Rxe5 Be6 12. dxe6 f6 13. Re4 fxg5 14. Nc3 Nc6
15. Nd5 Qd6 16. e7 Nxe7 17. Nf6+ Qxf6 18. Bxf6 gxf6 19. Qh5+ Kd8 20. Rd1+ Kc8
21. Qe8+ Kc7 22. Qd7+ Kb6 23. Rb1+ Ka5 24. Qb5# 1-0

[Event "AUTO-MASTER-506"]
[Site "http://www.queenalice.com/game.php?id=389524"]
[Date "2008.4.18"]
[Round "1"]
[White "Edson"]
[Black "XadrezPirai"]
[Result "0-1"]
[WhiteElo "1864"]
[BlackElo "2231"]

1. e4 a6 2. Bc4 b5 3. Bxf7+ Kxf7 4. Qh5+ g6 5. Qd5+ Kg7 6. Nf3 Nc6 7. Ne5 e6 8.
Qd3 Nxe5 9. Qe3 Bb7 10. O-O Qh4 11. Qd4 d6 12. d3 Nf6 13. Qe3 d5 14. exd5 Neg4
15. Qh3 Qxh3 16. gxh3 Ne5 17. Bg5 Nf3+ 18. Kh1 Nxg5 19. Rg1 Bxd5+ 20. f3 Nxf3
21. Nc3 Bb7 22. Rg3 Bc5 23. Ne4 Nxe4 24. dxe4 Bxe4 25. Re1 Nxe1+ 0-1

[Event "AUTO-ADV-728"]
[Site "http://www.queenalice.com/game.php?id=392940"]
[Date "2008.4.24"]
[Round "2"]
[White "ZbynioG"]
[Black "Edson"]
[Result "1-0"]
[WhiteElo "2079"]
[BlackElo "1796"]

1. d4 d5 2. Nf3 c5 3. g3 cxd4 4. Bg2 Nc6 5. Nxd4 Bg4 6. O-O e6 7. c4 Nxd4 8.
Qxd4 Bxe2 9. Re1 Bxc4 10. b3 Qa5 11. Bd2 Bb4 12. bxc4 Bxd2 13. Nxd2 Kf8 14. Nb3
Qb6 15. cxd5 Qxd4 16. Nxd4 Rd8 17. Rab1 b6 18. Nc6 Ra8 19. dxe6 Re8 20. exf7
Kxf7 21. Rbd1 Ne7 22. Rd7 h5 23. Rdxe7+ Rxe7 24. Rxe7+ Kg6 25. Rxa7 Re8 26. Bf3
Re1+ 27. Kg2 1-0

[Event "AUTO-ADV-728"]
[Site "http://www.queenalice.com/game.php?id=392941"]
[Date "2008.4.24"]
[Round "2"]
[White "Edson"]
[Black "ZbynioG"]
[Result "0-1"]
[WhiteElo "1801"]
[BlackElo "2074"]

1. e4 Nf6 2. e5 Nd5 3. d4 d6 4. Nf3 dxe5 5. Bc4 exd4 6. Nxd4 e5 7. Nb5 c6 8.
Bxd5 cxd5 9. O-O Be7 10. N1c3 Be6 11. Ne4 dxe4 12. Re1 Qa5 13. a4 a6 14. Bd2 Qb6
15. Be3 Qc6 16. Nc3 O-O 17. Qd2 Nd7 18. Rad1 Bb4 19. Bg5 f6 20. Bh4 Rac8 21. Qc1
Bg4 22. Rd2 Bxc3 23. bxc3 Qxc3 24. Re3 Qc6 25. a5 Nc5 26. c3 Nb3 0-1

[Event "Challenge"]
[Site "http://www.queenalice.com/game.php?id=424363"]
[Date "2008.6.28"]
[Round "-"]
[White "tayh"]
[Black "Edson"]
[Result "1-0"]
[WhiteElo "1608"]
[BlackElo "1791"]

1. d4 d5 2. Bf4 Bf5 3. Nc3 Nc6 4. e3 Nf6 5. Bd3 g6 6. Bxf5 Bg7 7. Nf3 O-O 8. Bh3
Ne4 9. Nb5 Nb4 10. Nxc7 Rc8 11. Qe2 Nd6 12. Bxd6 Qxd6 13. Bxc8 Qxc7 14. Qd2
Nxc2+ 15. Ke2 Nxa1 16. Rxa1 Qxc8 17. Rc1 Qe6 18. Qb4 Rc8 19. Rxc8+ Qxc8 20. Qxe7
Qc2+ 21. Nd2 Qxb2 22. Qe8+ Bf8 23. a4 Kg7 24. Qe5+ f6 25. Qxd5 Bb4 26. Qxb7+ Kh6
27. Kd3 Qxd2+ 28. Kc4 Qc3+ 29. Kd5 Qe1 30. Qxa7 Qxf2 31. Kc4 Qxe3 32. Kxb4 Qf2
33. Qb6 Qxg2 34. Qxf6 Qg5 35. Qxg5+ Kxg5 36. a5 h5 37. a6 Kh4 38. a7 Kh3 39.
a8=Q Kxh2 40. Qb8+ Kg2 41. Kc3 h4 42. Qb2+ Kg3 43. d5 h3 44. Qb8+ Kg2 45. Qg8 h2
46. Qxg6+ Kh3 47. Qh5+ Kg2 48. Qe2+ Kh3 49. Qxh2+ Kxh2 50. d6 1-0

[Event "Champion Kobalsky"]
[Site "http://www.queenalice.com/game.php?id=434786"]
[Date "2008.7.17"]
[Round "-"]
[White "Edson"]
[Black "lafasouza"]
[Result "0-1"]
[WhiteElo "1862"]
[BlackElo "1646"]

1. e4 Nc6 2. Nf3 d6 3. Bb5 Bd7 4. O-O Ne5 5. Nxe5 Bxb5 6. c4 dxe5 7. cxb5 Nf6 8.
Qa4 Qd7 9. Nc3 h5 10. d3 h4 11. Bg5 h3 12. g3 b6 13. Bxf6 gxf6 14. Nd5 e6 15.
Nb4 Bxb4 16. Qxb4 Qxd3 17. Rad1 Qf3 18. Rd8+ Rxd8 19. Qc3 Qg2# 0-1

[Event "Let's Play Chess!"]
[Site "http://www.queenalice.com/game.php?id=434868"]
[Date "2008.7.17"]
[Round "-"]
[White "Edson"]
[Black "minimindy"]
[Result "0-1"]
[WhiteElo "1835"]
[BlackElo "1781"]

1. e4 c6 2. Nf3 d5 3. e5 Bg4 4. Bd3 e6 5. O-O Nd7 6. Qe2 Bxf3 7. gxf3 Qg5+ 8.
Kh1 Nxe5 9. Rg1 Qf4 10. Qe3 Qxf3+ 11. Qxf3 Nxf3 12. Rg3 Ne5 13. Be2 Bd6 14. Rxg7
Ng6 15. Bh5 Bf8 16. Rxg8 Rxg8 17. b3 Bc5 18. f3 Nf4 19. Bg4 f5 20. d4 Bxd4 21.
c3 Bxc3 22. Nxc3 fxg4 23. Bxf4 gxf3 24. Rf1 Kd7 25. Rxf3 Rgf8 26. Ne2 e5 27.
Bxe5 Rxf3 28. Nd4 Rf1+ 29. Kg2 Raf8 30. Bg7 R8f2+ 31. Kg3 Rxa2 32. Be5 c5 33.
Nb5 d4 34. Bd6 a6 0-1

[Event "Xadrez 27"]
[Site "http://www.queenalice.com/game.php?id=434885"]
[Date "2008.7.17"]
[Round "-"]
[White "Edson"]
[Black "filipe_pinheiro"]
[Result "0-1"]
[WhiteElo "1804"]
[BlackElo "2141"]

1. e4 c5 2. Nf3 e6 3. d4 cxd4 4. Nxd4 Nc6 5. Bb5 Qb6 6. Bxc6 dxc6 7. O-O Nf6 8.
e5 Nd7 9. Re1 Bc5 10. Qg4 Bxd4 11. Be3 Bxe3 12. Qxg7 Bxf2+ 13. Kf1 Bxe1 14.
Qxh8+ Nf8 15. Kxe1 Qxb2 16. Kd1 Qxa1 17. Kc1 Qxa2 18. Qf6 Qd5 19. Nc3 Qd4 20.
Ne2 Qe3+ 21. Kd1 a5 22. Ng3 Qg1+ 23. Kd2 Qxg2+ 24. Ke3 Qxc2 25. Kf4 Qxh2 26. Kg4
a4 27. Qf3 a3 28. Qd1 a2 29. Qa1 Qc2 30. Nh5 Ra4+ 31. Nf4 Qf5+ 0-1

[Event "Let's Play Chess!"]
[Site "http://www.queenalice.com/game.php?id=434923"]
[Date "2008.7.18"]
[Round "-"]
[White "Edson"]
[Black "flavio08"]
[Result "0-1"]
[WhiteElo "1837"]
[BlackElo "2027"]

1. e4 c5 2. Nf3 d6 3. d4 cxd4 4. Nxd4 Nf6 5. Nc3 a6 6. Bg5 e6 7. Bc4 Qc7 8. O-O
Qxc4 9. Bxf6 gxf6 10. Qd3 Qxd3 11. cxd3 Nc6 12. Nxc6 bxc6 13. Na4 Rb8 14. Rfc1
c5 15. Rd1 Bd7 16. Nc3 Rxb2 17. Rdb1 Rxb1+ 18. Rxb1 Bg7 19. Rb8+ Ke7 20. Rb6 f5
21. Rxa6 Bxc3 22. exf5 exf5 23. Kf1 Bb5 24. Ra3 Bxd3+ 25. Kg1 Rb8 26. g3 Be4 27.
f3 Bd4+ 28. Kg2 Rb2+ 29. Kh3 Bd5 30. Ra7+ Kf6 31. Rd7 Bg1 32. g4 f4 33. Rxd6+
Be6 34. Rd1 Rxh2# 0-1

[Event "Let's Play Chess!"]
[Site "http://www.queenalice.com/game.php?id=435072"]
[Date "2008.7.18"]
[Round "-"]
[White "Conran"]
[Black "Edson"]
[Result "1/2-1/2"]
[WhiteElo "1792"]
[BlackElo "1837"]

1. d4 d5 2. c4 Bf5 3. Nc3 e6 4. Nf3 Bg4 5. e3 Bb4 6. cxd5 Bxc3+ 7. bxc3 Qxd5 8.
Be2 Bxf3 9. Bxf3 Qc4 10. Bd2 c6 11. Qb3 Qxb3 12. axb3 Nd7 13. O-O Ngf6 14. c4
O-O 15. Bb4 Rfc8 16. Bd6 h5 17. h4 g6 18. Ra2 Ne8 19. Bh2 Nc7 20. Bxc7 Rxc7 21.
Rfa1 e5 22. Rxa7 Rxa7 23. Rxa7 exd4 24. exd4 c5 25. dxc5 Nxc5 26. Bd5 Nxb3 27.
Rxb7 Rxb7 28. Bxb7 Nd4 29. c5 Kf8 30. Kh2 Ke7 31. c6 Kd8 32. f3 Kc7 33. Kh3 Nxc6
34. Bxc6 Kxc6 35. Kg3 Kd5 36. Kf4 Kd4 37. g4 hxg4 38. fxg4 Kd5 39. Kg5 Ke6 40.
Kh6 Kf6 41. g5+ Ke7 42. Kg7 Ke8 43. Kg8 Ke7 44. Kg7 Ke8 45. Kg8 Ke7 46. Kg7
1/2-1/2

[Event "Challenge"]
[Site "http://www.queenalice.com/game.php?id=447545"]
[Date "2008.8.12"]
[Round "-"]
[White "Edson"]
[Black "minimindy"]
[Result "0-1"]
[WhiteElo "1817"]
[BlackElo "1892"]

1. e4 c6 2. Nf3 d5 3. Nc3 dxe4 4. Nxe4 Bf5 5. Bd3 Bxe4 6. Bxe4 Nf6 7. d3 Nxe4 8.
dxe4 Qxd1+ 9. Kxd1 Nd7 10. Bf4 f6 11. Kc1 e5 12. Be3 Bc5 13. Bxc5 Nxc5 14. Nd2
O-O-O 15. b4 Ne6 16. f3 b5 17. c4 a6 18. a3 Nd4 19. Rd1 bxc4 20. Rb1 c3 21. Rf1
cxd2+ 22. Kb2 Kc7 23. Rbd1 Rb8 0-1

[Event "Let's Play Chess!"]
[Site "http://www.queenalice.com/game.php?id=448958"]
[Date "2008.8.15"]
[Round "-"]
[White "Edson"]
[Black "MCMLXXXI"]
[Result "0-1"]
[WhiteElo "1793"]
[BlackElo "1672"]

1. e4 c5 2. Nf3 Nc6 3. Bb5 a6 4. Bxc6 bxc6 5. d4 cxd4 6. Nxd4 e5 7. Nf3 d6 8.
O-O Bg4 9. Nc3 Nf6 10. Bg5 Be7 11. Bxf6 Bxf6 12. Qe2 Qb6 13. b3 O-O 14. Rad1
Rfd8 15. Rd2 Bg5 16. Rd3 Rac8 17. Qd1 d5 18. exd5 e4 19. Nxe4 Bh6 20. dxc6 Rxd3
21. Qxd3 Qxc6 22. Nd4 Qg6 23. Ng3 Qb6 24. Qe4 Bd7 25. Qd5 Rd8 26. c4 Be6 27. c5
Rxd5 28. cxb6 Rxd4 29. a4 Bxb3 30. a5 Rb4 31. Re1 g6 32. Re7 Be6 33. b7 Kf8 34.
Rc7 Kg7 35. h3 Bf4 36. Re7 Bd6 37. Re8 Rxb7 38. Ra8 Bc4 39. Rd8 Bb4 40. Rd4 Be6
41. Ne4 Bxa5 42. Nc5 Rb1+ 43. Kh2 Bc8 44. Ra4 Rb5 45. g3 Rxc5 46. h4 Bb7 47. Kh3
h5 48. Rf4 Rc1 49. g4 Rc3+ 0-1